000 00428 a2200121 4500
001 ART_47974
005 20260410162006.0
008 260409a
245 1 0 _aReflexiones en torno a la figura de los daños punitivos (art. 52 bis, L. 24240)
100 1 _aLamanna Guiñazú, Emiliano C.
700 1 _aFossaceca, Carlos Alberto (h)
773 0 _tTemas de derecho civil
_g- Año 4, N° 11 (nov. 2018)
_wREV34778
999 _c31776
_d31776